UITU Library & LRC     

Predictable Results in Unpredictable Times: how to win in any envoirment. (Record no. 17214)

MARC details
000 -LEADER
fixed length control field 00505nam a2200181Ia 4500
008 - FIXED-LENGTH DATA ELEMENTS--GENERAL INFORMATION
fixed length control field 240925s9999 xx 000 0 und d
020 ## - INTERNATIONAL STANDARD BOOK NUMBER
International Standard Book Number 9788183223218
082 ## - DEWEY DECIMAL CLASSIFICATION NUMBER
Classification number 658 COV
100 ## - MAIN ENTRY--PERSONAL NAME
Personal name Covey, Stephen R.
245 #0 - TITLE STATEMENT
Title Predictable Results in Unpredictable Times: how to win in any envoirment.
250 ## - EDITION STATEMENT
Edition statement NA
260 ## - PUBLICATION, DISTRIBUTION, ETC.
Place of publication, distribution, etc. New Delhi:
Name of publisher, distributor, etc. Manjul Publishing House.
Date of publication, distribution, etc. ,2009.
300 ## - PHYSICAL DESCRIPTION
Extent 101p.
Other physical details 0
Type of unit Original
500 ## - GENERAL NOTE
General note Includes Index
600 ## - SUBJECT ADDED ENTRY--PERSONAL NAME
Personal name Management
650 ## - SUBJECT ADDED ENTRY--TOPICAL TERM
Topical term or geographic name entry element Management
942 ## - ADDED ENTRY ELEMENTS (KOHA)
Koha item type Books
Holdings
Withdrawn status Lost status Damaged status Not for loan Collection Home library Current library Date acquired Source of acquisition Cost, normal purchase price Total checkouts Full call number Barcode Date last seen Date last checked out Price effective from Koha item type
        Managament Sciences UITU Library UITU Library 02/05/2019 Reading Books 295.00 1 658 COV Q14715 10/31/2025 10/31/2025 09/25/2024 Books

Powered by Koha